Państwa które mają więcej niż jedną stolice - Statystyki

Ogólne statystyki
  • Ten quiz został rozwiązany 1 224 razy
    1 060 od ostatniego zresetowania
  • Średni wynik to 10 z 15
Statystyki odpowiedzi
Kontynent Stolice Państwo % Poprawnych
Europa Haga, Amsterdam Niderlandy
94%
Europa Podgorica, Cetynia Czarnogóra
92%
Azja Sedżong, Seul Korea południowa
92%
Ameryka Pd. Santiago, Valparaiso Chile
89%
Ameryka Pd. La Paz, Sucre Boliwia
88%
Azja Tbilisi, Kutaisi Gruzja
87%
Afryka Bloemfontein, Kapsztad, Pretoria Republika Południowej Afryki
86%
Azja Kuala lumpur, Putrajaha Malezja
78%
Azja Kolombo, Kotte Sri lanka
66%
Ameryka Pn. Tegucigalpa, Dystrykt Centralny Honduras
58%
Afryka Dar es Salaam, Dodoma Tanzania
44%
Afryka Abidżan, Jamaukro Wybrzeże kości słoniowej
44%
Afryka Port-novo, Kotonu Benin
42%
Afryka Lobamba, Mbabane Eswatini
38%
Afryka Laayoune, Tifariti Sahara zachodnia
14%
Nie znaleziono quizów pasujących do podanych kryteriów
Rozkład punktacji
Procent ludzi z każdym wynikiem
Percentyl według liczby udzielonych odpowiedzi
Twoja historia wyników
Nie rozwiązałeś tego quizu od ostatniego zresetowania